Statistics for Biggest World Cities by Letter - K

Click here to take the quiz!

General Stats

  • This quiz has been taken 43,077 times
    (13,586 since last reset)
  • The average score is 10 of 18

Answer Stats

Country Population City % Correct
Ukraine3.45 milKiev
94%
Kuwait4.68 milKuwait City
91%
Afghanistan4.15 milKabul
89%
Malaysia8.70 milKuala Lumpur
88%
Nepal3.03 milKathmandu
84%
D.R. Congo12.0 milKinshasa
81%
Pakistan17.3 milKarachi
80%
India16.6 milKolkata
73%
Sudan6.15 milKhartoum
73%
Uganda3.40 milKampala
61%
United States1.98 milKansas City
52%
Nigeria4.55 milKano
30%
Taiwan2.80 milKaohsiung
16%
China4.05 milKunming
14%
India3.43 milKanpur
13%
Ghana2.95 milKumasi
12%
Japan
(see caveat)
2.03 milKitakyushu
8%
Nigeria1.83 milKaduna
8%

Score Distribution

Percentile by Number Answered

Percent of People with Each Score

Your Score History

You have not taken this quiz since the last reset